[Event "Kvika Reykjavik Open 2022"]
[Site "Reykjavik ISL"]
[Date "2022.04.12"]
[Round "9.50"]
[White "Mahajan, Rushaan"]
[Black "Moerman, Thomas"]
[Result "0-1"]
[WhiteTitle "CM"]
[WhiteElo "2101"]
[BlackElo "2022"]
[WhiteFideId "30934222"]
[BlackFideId "235644"]
[EventDate "2022.04.06"]

1. Nf3 Nf6 2. g3 e6 3. Bg2 d5 4. c4 Be7 5. d4 O-O 6. Nc3 dxc4 7. Ne5 Nc6 8. Bxc6
bxc6 9. Nxc6 Qe8 10. Nxe7+ Qxe7 11. Qa4 c5 12. dxc5 Qxc5 13. Be3 Qc7 14. O-O-O
Bd7 15. Qa3 Rfc8 16. f3 Qb7 17. Bd4 Ne8 18. Rd2 Bc6 19. Rhd1 f6 20. Be3 Qf7 21.
Qa6 Qe7 22. Qa5 a6 23. Rd4 Bb5 24. a4 e5 25. R4d2 Bc6 26. Bc5 Qf7 27. Bb6 Qe7
28. e4 Nc7 29. Bxc7 Qxc7 30. Qc5 Qb7 31. Qxc4+ Kh8 32. Qa2 Rab8 33. Qa3 h6 34.
g4 Kh7 35. Kb1 Be8 36. Ka1 Qb6 37. Rd6 Qf2 38. Rxa6 Qxf3 39. Rb1 Rb7 40. Rd6 Bf7
41. Nb5 Qxe4 42. Qd3 Qxd3 43. Rxd3 Bg6 44. Rbd1 Bxd3 45. Rxd3 Rc4 46. b3 Rxg4
47. Kb2 f5 48. Rd8 f4 49. Nd6 Re7 50. Kc3 f3 51. Kd2 f2 52. Ke2 Rf4 53. Kf1 e4
54. Nb5 e3 55. Nc3 e2+ 56. Nxe2 Rxe2 57. Rd1 Rfe4 0-1

[Event "Kvika Reykjavik Open 2022"]
[Site "Reykjavik ISL"]
[Date "2022.04.12"]
[Round "9.51"]
[White "Ruiz Buendia, Miguel"]
[Black "George Samir, David"]
[Result "1-0"]
[BlackTitle "CM"]
[WhiteElo "2092"]
[BlackElo "2003"]
[WhiteFideId "24537675"]
[BlackFideId "10657789"]
[EventDate "2022.04.06"]

1. e4 e5 2. Nf3 Nc6 3. Bc4 Nf6 4. d3 h6 5. c3 d6 6. a4 g5 7. Qb3 Qe7 8. a5 a6 9.
Nbd2 Bg7 10. Nf1 O-O 11. Ng3 Rb8 12. h4 g4 13. Nh2 Be6 14. Nhf1 Qd7 15. Ne3 Ne7
16. Bxe6 fxe6 17. h5 Kh7 18. Rh4 Rg8 19. Nxg4 Nxg4 20. Rxg4 Bf6 21. Rxg8 Nxg8
22. Be3 Bh4 23. Ba7 Rf8 24. Qxb7 Bxg3 25. fxg3 Nf6 26. Qxa6 Nxh5 27. Qc4 Nxg3
28. O-O-O Ra8 29. Bf2 Ne2+ 30. Kd2 Nf4 31. g3 d5 32. Qb4 Ng6 33. Rh1 Qf7 34. Be3
Qf3 35. Rxh6+ Kg7 36. Qb7 Rf8 37. Rh2 Qxg3 38. Qxc7+ Rf7 39. Rh7+ Kxh7 40. Qxf7+
Kh8 41. Qf2 Qg4 42. a6 Nf4 43. Bxf4 exf4 44. a7 Qg8 1-0

[Event "Kvika Reykjavik Open 2022"]
[Site "Reykjavik ISL"]
[Date "2022.04.12"]
[Round "9.52"]
[White "Skahlberg Bjerknes-Lima de Faria, Warg"]
[Black "Chapman, Terry P D"]
[Result "0-1"]
[BlackTitle "FM"]
[WhiteElo "1813"]
[BlackElo "2240"]
[WhiteFideId "1738100"]
[BlackFideId "413399"]
[EventDate "2022.04.06"]

1. c4 Nf6 2. g3 c5 3. Bg2 d5 4. cxd5 Nxd5 5. Nc3 Nc7 6. Nf3 Nc6 7. O-O e5 8. d3
Be7 9. Be3 O-O 10. a3 Rb8 11. Ne4 b6 12. b4 cxb4 13. axb4 Bxb4 14. Qa4 Bd7 15.
Rfc1 b5 16. Qc2 a5 17. Nxe5 Nxe5 18. Qxc7 Qxc7 19. Rxc7 Rbc8 20. Rac1 Rxc7 21.
Rxc7 Rc8 22. Rxc8+ Bxc8 23. Bd4 Ng6 24. Nc5 Ne7 25. f4 a4 26. Kf1 a3 27. Nb3 Be6
28. Nc5 Nf5 29. Nxe6 fxe6 30. Be5 Ne3+ 31. Kg1 Nxg2 32. Kxg2 Bd2 33. Bd6 b4 0-1

[Event "Kvika Reykjavik Open 2022"]
[Site "Reykjavik ISL"]
[Date "2022.04.12"]
[Round "9.53"]
[White "Maes, Tibo"]
[Black "Solnicki, Michal"]
[Result "1/2-1/2"]
[WhiteElo "1946"]
[BlackElo "2182"]
[WhiteFideId "231274"]
[BlackFideId "1136348"]
[EventDate "2022.04.06"]

1. e4 c5 2. d4 cxd4 3. c3 Nf6 4. e5 Nd5 5. Nf3 Nc6 6. cxd4 d6 7. Bc4 Nb6 8. Bb3
d5 9. h3 Bf5 10. O-O e6 11. Nc3 Be7 12. Be3 g5 13. Nh2 h5 14. Bc2 Qd7 15. f4 Nc4
16. Bf2 Bxc2 17. Qxc2 gxf4 18. Nf3 O-O-O 19. b3 Ne3 20. Bxe3 fxe3 21. Qc1 Rdg8
22. Qxe3 Rg7 23. Rf2 Kb8 24. Ne2 Bd8 25. Raf1 h4 26. Nh2 Rh5 27. Ng4 Rhg5 28.
Rf4 Bb6 29. R1f2 1/2-1/2

[Event "Kvika Reykjavik Open 2022"]
[Site "Reykjavik ISL"]
[Date "2022.04.12"]
[Round "9.54"]
[White "Arvidsson, Jonas"]
[Black "Louis, Thibault"]
[Result "0-1"]
[BlackTitle "FM"]
[WhiteElo "1942"]
[BlackElo "2181"]
[WhiteFideId "1717839"]
[BlackFideId "681369"]
[EventDate "2022.04.06"]

1. e4 e6 2. d4 d5 3. Nd2 Be7 4. Ngf3 dxe4 5. Nxe4 Nf6 6. Bd3 Nbd7 7. Nxf6+ Bxf6
8. Qe2 c5 9. c3 cxd4 10. Nxd4 O-O 11. Be3 Ne5 12. Bc2 Qd5 13. f4 Nc6 14. Bb3 Qa5
15. Nxc6 bxc6 16. O-O Ba6 17. Bc4 Bxc4 18. Qxc4 Qd5 19. Qxd5 cxd5 20. Bd4 Bxd4+
21. cxd4 Rab8 22. b3 Rb4 23. Rad1 g6 24. Kf2 a5 25. Ke3 a4 26. Rd3 Rfb8 27. Rb1
Kg7 28. a3 Rxb3 29. Rdxb3 axb3 30. Kd3 Kf6 31. g3 Kf5 32. Rb2 h5 33. Ke3 Kg4 34.
Kf2 h4 35. Kg2 h3+ 36. Kf2 Rc8 37. Ke3 Rb8 38. Kf2 f6 39. Ke3 Rb7 40. Kf2 g5 41.
fxg5 Kxg5 42. Ke3 Kg4 43. Kd3 Kf3 44. Kc3 e5 0-1

[Event "Kvika Reykjavik Open 2022"]
[Site "Reykjavik ISL"]
[Date "2022.04.12"]
[Round "9.55"]
[White "Unhjem, Bjorn Robert Lovoll"]
[Black "Bergsson, Stefan"]
[Result "1-0"]
[WhiteElo "1939"]
[BlackElo "2109"]
[WhiteFideId "1525948"]
[BlackFideId "2301393"]
[EventDate "2022.04.06"]

1. e4 c5 2. Nf3 e6 3. d4 cxd4 4. Nxd4 a6 5. Nc3 b5 6. g3 Bb7 7. Bg2 Qc7 8. O-O
d6 9. Re1 Nd7 10. a4 bxa4 11. Nxa4 Ngf6 12. Nc3 Be7 13. Nb3 Rb8 14. Be3 O-O 15.
Ba7 Ra8 16. Bd4 Rab8 17. Ba7 Rbc8 18. Bf1 d5 19. exd5 Nxd5 20. Bxa6 Nxc3 21.
bxc3 Bxa6 22. Rxa6 Qxc3 23. Bd4 Qc4 24. Ra2 Rfd8 25. Qa1 Bf6 26. Re3 h5 27. h4
Qc7 28. Qe1 Bxd4 29. Nxd4 Nf6 30. Nf3 Ng4 31. Re2 Rd5 32. Rd2 Qc4 33. Rb2 Qc3
34. Rxd5 Qxb2 35. Rd2 g6 36. Qd1 Qf6 37. Qe2 Ra8 38. c4 Qc3 39. Rc2 Qa1+ 40. Qf1
Qf6 41. Qe2 e5 42. Qe4 Ra1+ 43. Kg2 Qa6 44. Qd5 Ra5 45. Qd8+ Kg7 46. Qd2 Rc5 47.
Qc3 Qc6 48. Kg1 f6 49. Nd2 e4 50. Qd4 e3 51. fxe3 Re5 52. Rc3 Qa4 53. Rb3 Re7
54. c5 Qa6 55. Nc4 Qc6 56. Qd6 Qe8 57. Rb8 Qf7 58. Qd8 g5 59. Qh8+ Kg6 60. Rg8+
Kf5 61. Nd6+ 1-0

[Event "Kvika Reykjavik Open 2022"]
[Site "Reykjavik ISL"]
[Date "2022.04.12"]
[Round "9.56"]
[White "Kracht, Raphael"]
[Black "Baecker, Niko"]
[Result "1-0"]
[WhiteElo "2101"]
[BlackElo "1885"]
[WhiteFideId "16214382"]
[BlackFideId "1669141"]
[EventDate "2022.04.06"]

1. e4 c5 2. d4 cxd4 3. c3 Nf6 4. e5 Nd5 5. Nf3 d6 6. exd6 Qxd6 7. Na3 a6 8. Nxd4
b5 9. Be2 e5 10. Ndxb5 Qc5 11. Qxd5 Qxd5 12. Nc7+ Kd8 13. Nxd5 Bxa3 14. bxa3 Be6
15. Bg5+ f6 16. Nxf6 1-0

[Event "Kvika Reykjavik Open 2022"]
[Site "Reykjavik ISL"]
[Date "2022.04.12"]
[Round "9.58"]
[White "Heer, Stephan"]
[Black "Zheng, Harry Z"]
[Result "1-0"]
[WhiteElo "2067"]
[BlackElo "1873"]
[WhiteFideId "1302345"]
[BlackFideId "460982"]
[EventDate "2022.04.06"]

1. g3 Nf6 2. Bg2 d5 3. Nf3 e6 4. d3 Be7 5. O-O c5 6. Nbd2 b5 7. c4 bxc4 8. dxc4
Nc6 9. e3 O-O 10. b3 Rb8 11. Bb2 Ba6 12. Ne5 Nxe5 13. Bxe5 Bd6 14. Bxd6 Qxd6 15.
Qc2 e5 16. Rfe1 d4 17. exd4 exd4 18. Qf5 Rfe8 19. a3 Re6 20. b4 cxb4 21. c5
Rxe1+ 22. Rxe1 Qc7 23. axb4 Rxb4 24. g4 Bc8 25. Qc2 Bxg4 26. c6 g6 27. Qc5 Rb8
28. Re7 Qb6 29. Qe5 Kg7 30. h3 Bf5 31. Nc4 Qb5 32. Rxf7+ Kh6 33. Qf4+ g5 34.
Rxf6+ Bg6 35. Qxd4 Rc8 36. Nd6 Qb1+ 37. Kh2 Rc7 38. Nf5+ Qxf5 39. Rxf5 Rxc6 40.
Bxc6 a5 41. Rf8 a4 42. f4 g4 43. hxg4 a3 44. g5+ Kh5 45. Bf3+ Kh4 46. Qf2# 1-0

[Event "Kvika Reykjavik Open 2022"]
[Site "Reykjavik ISL"]
[Date "2022.04.12"]
[Round "9.59"]
[White "Ragnarsson, Johann"]
[Black "Collins, Adam"]
[Result "1-0"]
[WhiteElo "1913"]
[BlackElo "2039"]
[WhiteFideId "2301040"]
[BlackFideId "2512300"]
[EventDate "2022.04.06"]

1. d4 Nf6 2. c4 g6 3. Nc3 d5 4. Bf4 Bg7 5. e3 O-O 6. Rc1 c5 7. dxc5 Be6 8. Nf3
Nc6 9. Ng5 Bg4 10. f3 e5 11. cxd5 exf4 12. dxc6 Qe7 13. Nge4 Nxe4 14. Nxe4 Qh4+
15. g3 fxg3 16. Nxg3 Be5 17. Bg2 Bxg3+ 18. hxg3 Qxg3+ 19. Kf1 Rad8 20. Qe1 Qxe1+
21. Kxe1 Bc8 22. cxb7 Bxb7 23. c6 Rc8 24. f4 Rfd8 25. c7 Bxg2 26. cxd8=Q+ Rxd8
27. Rh2 Bf3 28. Rd2 Rxd2 29. Kxd2 h5 30. Ke1 h4 31. Kf2 Bd5 32. b3 Kg7 33. Rc5
Be4 34. b4 f6 35. Rc7+ Kh6 36. Re7 Bh1 37. e4 g5 38. e5 g4 39. exf6 g3+ 40. Kg1
Bd5 41. f7 Kg7 42. f8=Q+ Kxf8 43. Rh7 Bxa2 44. Rxa7 Bb1 45. Kg2 Bf5 46. Ra5 Bg4
47. Ra7 Bf5 48. Kf3 Ke8 49. b5 Kd8 50. b6 Kc8 51. Rf7 Bg4+ 52. Kxg4 g2 53. Rc7+ 1-0

[Event "Kvika Reykjavik Open 2022"]
[Site "Reykjavik ISL"]
[Date "2022.04.12"]
[Round "9.60"]
[White "Ritzka, Simon"]
[Black "Shuey, Michael"]
[Result "1-0"]
[WhiteElo "2038"]
[BlackElo "1838"]
[WhiteFideId "12925390"]
[BlackFideId "30957176"]
[EventDate "2022.04.06"]

1. e4 c6 2. d4 d5 3. exd5 cxd5 4. Bd3 Nc6 5. c3 Qc7 6. Ne2 e6 7. Bf4 Bd6 8. Bxd6
Qxd6 9. O-O Nf6 10. Nd2 O-O 11. Nf3 Bd7 12. Re1 Rfe8 13. h3 e5 14. dxe5 Nxe5 15.
Ned4 Nxd3 16. Qxd3 Qb6 17. Qc2 Qc7 18. Rad1 Rad8 19. Nf5 Bc6 20. Rxe8+ Rxe8 21.
Qd2 h6 22. Qd4 Re4 23. Qxa7 Ra4 24. Qc5 Ne4 25. Qe7 Qb6 26. Rf1 Bb5 27. c4 Bxc4
28. Qe8+ Kh7 29. Ne7 h5 1-0

[Event "Kvika Reykjavik Open 2022"]
[Site "Reykjavik ISL"]
[Date "2022.04.12"]
[Round "9.62"]
[White "Skarphedinsson, Ingvar Wu"]
[Black "Balzer, Lars"]
[Result "1/2-1/2"]
[WhiteElo "1673"]
[BlackElo "2015"]
[WhiteFideId "2316943"]
[BlackFideId "4646452"]
[EventDate "2022.04.06"]

1. d4 g6 2. c4 Bg7 3. Nc3 d6 4. e4 Nf6 5. Be2 O-O 6. Bg5 Nbd7 7. Qd2 e5 8. d5
Nc5 9. f3 a5 10. h4 Bd7 11. Nh3 c6 12. Nf2 cxd5 13. cxd5 a4 14. h5 Qa5 15. g4 b5
16. Ncd1 b4 17. Ne3 Bb5 18. Bxb5 Qxb5 19. Qe2 Qb8 20. Nd3 Nxd3+ 21. Qxd3 Nd7 22.
Nc4 f6 23. Be3 Rc8 24. Rc1 Bf8 25. hxg6 hxg6 26. Qe2 Bg7 27. O-O Kf7 28. b3 axb3
29. axb3 Nc5 30. Bxc5 Rxc5 31. Ra1 Ke7 32. Qb2 Rc7 33. Rxa8 Qxa8 34. Ra1 Ra7 35.
Rxa7+ Qxa7+ 36. Qf2 Qa1+ 37. Kg2 Bh6 38. Nxd6 Kxd6 39. Qb6+ Kd7 40. Qc6+ Ke7 41.
Qe6+ Kf8 42. Qxf6+ Kg8 43. Qxg6+ Bg7 44. Qe8+ Kh7 45. Qh5+ Kg8 1/2-1/2

[Event "Kvika Reykjavik Open 2022"]
[Site "Reykjavik ISL"]
[Date "2022.04.12"]
[Round "9.63"]
[White "Olesen, Poul Erik Norgaard"]
[Black "Herrera, Diego"]
[Result "1-0"]
[WhiteElo "2010"]
[BlackElo "1832"]
[WhiteFideId "1404253"]
[BlackFideId "6601170"]
[EventDate "2022.04.06"]

1. e4 c5 2. Nf3 d6 3. d4 cxd4 4. Nxd4 Nf6 5. Nc3 g6 6. Be2 Bg7 7. Be3 O-O 8. O-O
Nc6 9. Nb3 a6 10. a4 Be6 11. f4 Rc8 12. Bf3 Nd7 13. Qd2 Re8 14. Rf2 Na5 15. Nxa5
Qxa5 16. Bd4 Bxd4 17. Qxd4 Rc4 18. Qd2 Nb6 19. f5 Bd7 20. f6 Qe5 21. a5 Na4 22.
Nd5 Rd4 23. Qc1 exf6 24. c3 Rxd5 25. exd5 Nc5 26. Re2 Qf5 27. Rxe8+ Bxe8 28. Qe3
Bb5 29. b4 Nd7 30. Rd1 Qc2 31. Qd2 Qb3 32. Be2 Bxe2 33. Qxe2 Ne5 34. Qd2 Kg7 35.
Qd4 Qc2 36. Qd2 Qf5 37. Rf1 Qh5 38. h3 f5 39. Qd4 Qe2 40. Rf2 Qe1+ 41. Rf1 Qg3
42. c4 g5 43. c5 g4 44. hxg4 f6 45. Qf4 Qxf4 46. Rxf4 fxg4 47. b5 dxc5 48. bxa6
bxa6 49. Rf1 Nd3 50. Rb1 Nb4 51. Rc1 Nd3 52. Rc3 1-0

[Event "Kvika Reykjavik Open 2022"]
[Site "Reykjavik ISL"]
[Date "2022.04.12"]
[Round "9.65"]
[White "Rice, Chris B"]
[Black "Gregersen, Einar"]
[Result "0-1"]
[WhiteElo "1989"]
[BlackElo "1822"]
[WhiteFideId "404446"]
[BlackFideId "7200153"]
[EventDate "2022.04.06"]

1. b3 e5 2. Bb2 Nc6 3. e3 d5 4. Bb5 Bd6 5. f4 f6 6. fxe5 fxe5 7. Bxc6+ bxc6 8.
Bxe5 Qh4+ 9. g3 Qe4 10. Bxg7 Qxh1 11. Qh5+ Ke7 12. Kf1 Nf6 13. Qh4 Ba6+ 14. c4
Rhf8 15. Bxf8+ Rxf8 16. Nc3 Ke8 17. Ke2 dxc4 18. bxc4 Qg2+ 19. Kd3 Be5 20. Rb1
Ke7 21. Kc2 Rd8 22. Rd1 Bxc3 23. Kxc3 Qe4 24. Qxe4+ Nxe4+ 25. Kc2 Bxc4 26. d3
Nf2 0-1

[Event "Kvika Reykjavik Open 2022"]
[Site "Reykjavik ISL"]
[Date "2022.04.12"]
[Round "9.66"]
[White "Thorsteinsdottir, Hallgerdur"]
[Black "Rachlin, Paul"]
[Result "0-1"]
[WhiteTitle "WFM"]
[WhiteElo "1981"]
[BlackElo "1820"]
[WhiteFideId "2302454"]
[BlackFideId "2053764"]
[EventDate "2022.04.06"]

1. d4 d5 2. c4 c6 3. Nf3 Nf6 4. e3 e6 5. b3 Nbd7 6. Bb2 Bd6 7. Bd3 Qe7 8. Ne5
Nxe5 9. dxe5 Bb4+ 10. Nd2 Nd7 11. O-O O-O 12. a3 Ba5 13. Qh5 g6 14. Qe2 Nc5 15.
Bc2 Bxd2 16. Qxd2 dxc4 17. bxc4 Rd8 18. Qe2 b6 19. f4 Ba6 20. Rf3 Rd7 21. Rh3
Rad8 22. Bd4 Rxd4 23. exd4 Rxd4 24. Qf2 Qd8 25. Re1 Rd2 26. Re2 Rxc2 27. Rxc2
Qd1+ 28. Qf1 Qxc2 29. Qe1 Qxc4 30. Rf3 Qd4+ 31. Kh1 Bc4 32. h4 Bd5 33. Rf1 h5
34. Qc1 Qd3 35. Kh2 Qe2 36. Rg1 Nd3 37. Qf1 Qe3 38. f5 Nf2 39. g3 Ng4+ 40. Kh3
Qd2 0-1

[Event "Kvika Reykjavik Open 2022"]
[Site "Reykjavik ISL"]
[Date "2022.04.12"]
[Round "9.67"]
[White "Kristinsson, Ogmundur"]
[Black "Eedle, Eric F"]
[Result "1-0"]
[WhiteElo "1969"]
[BlackElo "1559"]
[WhiteFideId "2304724"]
[BlackFideId "429627"]
[EventDate "2022.04.06"]

1. e4 c5 2. Nf3 Nc6 3. b3 e5 4. Bc4 Be7 5. O-O Nf6 6. Re1 O-O 7. d3 d6 8. h3 a6
9. a4 Rb8 10. c3 Ne8 11. d4 cxd4 12. cxd4 exd4 13. Bb2 Ne5 14. Bxd4 Nxc4 15.
bxc4 Be6 16. Na3 Bf6 17. Rb1 Bxd4 18. Nxd4 Nc7 19. a5 Qf6 20. Rb6 Rfd8 21. Qd2
Na8 22. Rb3 Qe5 23. Kh1 Qc5 24. Rg3 Nc7 25. f4 Bxc4 26. Nf5 Ne8 27. Nxg7 Nxg7
28. Qc3 f6 29. Nxc4 Qf2 30. Rf3 Qh4 31. Rd1 Ne8 32. Ne3 Kf8 33. Rd5 Rbc8 34. Qd2
Rc6 35. Nf5 Qh5 36. Nd4 Qf7 37. Nxc6 bxc6 38. Rdd3 Qc4 39. Rd4 Qb5 40. f5 Rb8
41. Qh6+ Kg8 42. Rg3+ 1-0

[Event "Kvika Reykjavik Open 2022"]
[Site "Reykjavik ISL"]
[Date "2022.04.12"]
[Round "9.68"]
[White "Sandin, Albin"]
[Black "Tirziman, Rudolf"]
[Result "0-1"]
[WhiteElo "1513"]
[BlackElo "1963"]
[WhiteFideId "1731092"]
[BlackFideId "2508664"]
[EventDate "2022.04.06"]

1. d4 Nf6 2. Nf3 e6 3. c4 Bb4+ 4. Bd2 a5 5. g3 O-O 6. Bg2 d5 7. a3 Bxd2+ 8. Qxd2
Nbd7 9. cxd5 exd5 10. Nc3 c6 11. Qc2 Re8 12. O-O Qe7 13. e3 Nb6 14. Ne5 Nfd7 15.
Nd3 Nc4 16. b4 Nf6 17. Qd1 Bf5 18. bxa5 Nxe3 19. fxe3 Qxe3+ 20. Kh1 Qxd3 21.
Qxd3 Bxd3 22. Rfe1 Rxa5 23. Rxe8+ Nxe8 24. Re1 Kf8 25. Re3 Bg6 26. a4 Nd6 27.
Bh3 Ra8 28. Kg2 Ne4 29. Nxe4 Bxe4+ 30. Kf2 Rxa4 31. Bc8 Rxd4 32. Bxb7 Rc4 33.
Ra3 d4 0-1

[Event "Kvika Reykjavik Open 2022"]
[Site "Reykjavik ISL"]
[Date "2022.04.12"]
[Round "9.70"]
[White "White, Nigel"]
[Black "Kumar, Sanjit S"]
[Result "1-0"]
[WhiteElo "2018"]
[BlackElo "1792"]
[WhiteFideId "455830"]
[BlackFideId "468142"]
[EventDate "2022.04.06"]

1. e4 e6 2. d4 d5 3. Nd2 c5 4. Ngf3 cxd4 5. exd5 Qxd5 6. Bc4 Qd6 7. O-O Nf6 8.
Nb3 Nc6 9. Qe2 Be7 10. Rd1 a6 11. Nbxd4 Nxd4 12. Rxd4 Qb6 13. c3 Bc5 14. Rd3 O-O
15. Bg5 Be7 16. Rad1 Qc7 17. Bb3 b5 18. Ne5 Nd5 19. Bxd5 exd5 20. Bxe7 Qxe7 21.
Re3 Qb7 22. Nd3 Bf5 23. Nb4 a5 24. Nxd5 Be6 25. Red3 Rac8 26. a3 Rc5 27. Qd2 h6
28. h3 Re8 29. Nf4 Bc4 30. Rd8 Rxd8 31. Qxd8+ Kh7 32. Re1 Rg5 33. Qd4 Bd5 34.
Nxd5 Qxd5 35. Qxd5 Rxd5 36. Re2 h5 37. f3 g5 38. Kf2 Kg6 39. Ke3 f5 40. Rd2 f4+
41. Ke2 Re5+ 42. Kd3 a4 43. Kd4 Re8 44. Kc5 Re5+ 45. Kb4 g4 46. hxg4 hxg4 47.
fxg4 Kg5 48. c4 bxc4 49. Kxc4 Kxg4 50. b4 axb3 51. Kxb3 Kg3 52. a4 Re1 53. a5
Rg1 54. a6 Ra1 55. Ra2 Rxa2 56. Kxa2 Kxg2 57. a7 f3 58. a8=Q Kg3 59. Qg8+ Kh2
60. Qh7+ Kg2 61. Qg6+ Kh2 62. Qh5+ Kg2 63. Qg4+ 1-0

[Event "Kvika Reykjavik Open 2022"]
[Site "Reykjavik ISL"]
[Date "2022.04.12"]
[Round "9.71"]
[White "Haraldsson, Sigurjon"]
[Black "Ptacnikova, Lenka"]
[Result "1/2-1/2"]
[BlackTitle "WGM"]
[WhiteElo "1806"]
[BlackElo "2186"]
[WhiteFideId "2303655"]
[BlackFideId "305650"]
[EventDate "2022.04.06"]

1. d4 g6 2. e4 Bg7 3. Nf3 d6 4. c4 Nf6 5. Nc3 O-O 6. Be2 e5 7. Be3 Nc6 8. h3
exd4 9. Nxd4 Bd7 10. O-O Re8 11. Bf3 Ne5 12. Be2 a6 13. Rc1 Rb8 14. Qd2 Bc6 15.
Nxc6 Nxc6 16. Bg5 h6 17. Bxh6 Bxh6 18. Qxh6 Nxe4 19. Bf3 Nxc3 20. Rxc3 Nd4 21.
Bd5 Qf6 22. Rd3 Nf5 23. Qf4 Qg7 24. Rf3 Re7 25. Rd1 c6 26. Be4 Nd4 27. Re3 Rd8
28. Kh1 Ne6 29. Qh4 Rde8 30. Rxd6 Qxb2 31. Bf5 Qb4 32. Rdxe6 Rxe6 33. Bxe6 Rxe6
34. Rxe6 fxe6 35. Qf6 Qb1+ 36. Kh2 Qf5 37. Qd8+ Kg7 38. Qc7+ Qf7 39. Qe5+ Qf6
40. Qc7+ Qf7 41. Qe5+ Kh7 42. Kg1 Qd7 43. c5 Kg8 44. Qf6 Kh7 45. Qe5 Kg8 1/2-1/2

[Event "Kvika Reykjavik Open 2022"]
[Site "Reykjavik ISL"]
[Date "2022.04.12"]
[Round "9.72"]
[White "Finnsson, Johann Arnar"]
[Black "Sigeman, Johan"]
[Result "1/2-1/2"]
[WhiteElo "1805"]
[BlackElo "2136"]
[WhiteFideId "2308240"]
[BlackFideId "1705601"]
[EventDate "2022.04.06"]

1. e4 e5 2. Nf3 Nc6 3. Bc4 Nf6 4. Nc3 Nxe4 5. Nxe4 d5 6. Bxd5 Qxd5 7. d3 Bg4 8.
h3 Bh5 9. Nc3 Bb4 10. Bd2 Bxc3 11. Bxc3 O-O-O 12. Qe2 Nd4 13. Bxd4 exd4 14. O-O
Rhe8 15. Qd1 f5 16. Rc1 g5 17. c4 dxc3 18. Rxc3 Bxf3 19. Qxf3 Qxf3 20. gxf3 Re2
21. Rfc1 c6 22. Rb3 Rd5 23. Rc4 Rd2 24. f4 h6 25. fxg5 hxg5 26. Rcc3 Re5 27. d4
Rxd4 28. Rg3 f4 29. Rg4 Rd2 30. Kg2 Re1 31. Kf3 Rh1 32. Ke4 Re1+ 33. Kf3 Rh1 34.
Ke4 Re1+ 35. Kf3 1/2-1/2

[Event "Kvika Reykjavik Open 2022"]
[Site "Reykjavik ISL"]
[Date "2022.04.12"]
[Round "9.73"]
[White "Acevedo Mendez, Lisseth"]
[Black "De Coninck, Rafael"]
[Result "1/2-1/2"]
[WhiteTitle "WIM"]
[WhiteElo "1801"]
[BlackElo "2119"]
[WhiteFideId "6502938"]
[BlackFideId "204501"]
[EventDate "2022.04.06"]

1. e4 d5 2. exd5 Nf6 3. d4 Bg4 4. Be2 Bxe2 5. Qxe2 Qxd5 6. Nf3 e6 7. O-O c6 8.
c4 Qe4 9. Be3 Bd6 10. Nc3 Qg6 11. Ne5 Qh5 12. Qxh5 Nxh5 13. Ne4 1/2-1/2

[Event "Kvika Reykjavik Open 2022"]
[Site "Reykjavik ISL"]
[Date "2022.04.12"]
[Round "9.74"]
[White "Thorisson, Benedikt"]
[Black "Steiner, Juraj"]
[Result "0-1"]
[WhiteElo "1778"]
[BlackElo "2028"]
[WhiteFideId "2314576"]
[BlackFideId "367516"]
[EventDate "2022.04.06"]

1. e4 c5 2. Nf3 g6 3. d4 cxd4 4. Nxd4 Nc6 5. Nc3 Bg7 6. Be3 Nf6 7. Bc4 Qa5 8.
O-O O-O 9. Bb3 d6 10. h3 Nxd4 11. Bxd4 Be6 12. f4 Rac8 13. Qd3 Nd7 14. Bxg7 Kxg7
15. Kh1 a6 16. f5 Bxb3 17. axb3 Qe5 18. g4 g5 19. f6+ exf6 20. Rf5 Qe6 21. Raf1
h5 22. Qe3 Rh8 23. gxh5 Rxh5 24. R1f3 b5 25. Qe2 Rh4 26. Qe3 Rch8 27. Kg2 b4 28.
Nd5 Rxe4 29. Qd3 Re2+ 30. Kg1 Re1+ 31. Kf2 Ne5 32. Rxe5 Qxe5 33. Rf5 Re2+ 34.
Kf1 Qh2 35. Qxe2 Qxh3+ 36. Ke1 Qxf5 37. Nxb4 Rh1+ 38. Kd2 Qf4+ 39. Kc3 Rh3+ 40.
Nd3 a5 0-1

[Event "Kvika Reykjavik Open 2022"]
[Site "Reykjavik ISL"]
[Date "2022.04.12"]
[Round "9.75"]
[White "Johannsdottir, Johanna Bjorg"]
[Black "Jonsson, Kristjan Dagur"]
[Result "1-0"]
[WhiteElo "1973"]
[BlackElo "1828"]
[WhiteFideId "2303108"]
[BlackFideId "2313413"]
[EventDate "2022.04.06"]

1. e4 c6 2. d3 d5 3. Nd2 Nf6 4. Ngf3 Bg4 5. h3 Bh5 6. g4 dxe4 7. dxe4 Bg6 8. Qe2
e6 9. Bg2 Na6 10. Ne5 Nb4 11. Nb3 Be7 12. f4 Qc7 13. a3 Na6 14. Bd2 O-O-O 15.
O-O-O Nb8 16. Ba5 b6 17. Bc3 h6 18. f5 Bh7 19. Nxf7 Rxd1+ 20. Rxd1 Rf8 21. Be5
Qb7 22. fxe6 Bg6 23. Nd6+ Bxd6 24. Bxd6 Re8 25. e7 Ng8 26. Qc4 Nd7 27. Qe6 Bh7
28. e5 1-0

[Event "Kvika Reykjavik Open 2022"]
[Site "Reykjavik ISL"]
[Date "2022.04.12"]
[Round "9.76"]
[White "Sigamoney, Cyril S"]
[Black "Sigurthorsson, Kristinn J"]
[Result "1-0"]
[WhiteElo "1960"]
[BlackElo "1818"]
[WhiteFideId "2055287"]
[BlackFideId "2311585"]
[EventDate "2022.04.06"]

1. d4 d6 2. c4 e5 3. d5 g6 4. e4 Bg7 5. Nc3 Nd7 6. Bd3 Nh6 7. Nge2 Nc5 8. O-O
O-O 9. Bc2 f5 10. f4 Qh4 11. exf5 Bxf5 12. b4 Bxc2 13. Qxc2 Na6 14. Rb1 Rae8 15.
a3 Nf5 16. Qd3 Nb8 17. Bd2 Nd7 18. g3 Qh3 19. Ne4 h6 20. Nf2 Qh5 21. Bc3 exf4
22. Nxf4 Qg5 23. Ne6 Rxe6 24. dxe6 Ne5 25. Bxe5 Bxe5 26. Ne4 Qe7 27. Nd2 Kg7 28.
g4 Qg5 29. Qe2 Nd4 30. Qg2 Nxe6 31. Nf3 Qf6 32. Nxe5 Qxe5 33. Rxf8 Nxf8 34. Rf1
Nd7 35. Qf2 Nf6 36. Re1 Qg5 37. Qe2 Ng8 38. h3 h5 39. Qe3 Qh4 40. Qd4+ Kh7 41.
Re3 hxg4 42. Qxg4 Qxg4+ 43. hxg4 Kg7 44. Re8 Kf7 45. Rc8 Nf6 46. Rxc7+ Ke6 47.
Rxb7 Nxg4 48. Rxa7 Ne5 49. Rc7 Nd7 50. a4 1-0

[Event "Kvika Reykjavik Open 2022"]
[Site "Reykjavik ISL"]
[Date "2022.04.12"]
[Round "9.77"]
[White "Jonsson, Johann"]
[Black "Bartelt, Max Peter"]
[Result "1/2-1/2"]
[WhiteElo "1770"]
[BlackElo "1949"]
[WhiteFideId "2321688"]
[BlackFideId "12967289"]
[EventDate "2022.04.06"]

1. e4 e6 2. d4 d5 3. exd5 exd5 4. Bd3 Bd6 5. Qf3 Nc6 6. c3 Be6 7. Bf4 Nge7 8.
Ne2 f6 9. Nd2 a5 10. Bxd6 Qxd6 11. Qg3 Qxg3 12. hxg3 Bf5 13. Bxf5 Nxf5 14. Nf4
O-O-O 15. O-O-O g5 16. Nh5 Rhf8 17. Rde1 Kd7 18. Re2 Rde8 19. Rhe1 Rxe2 20. Rxe2
a4 21. b3 b5 22. b4 Rf7 23. g4 Nd6 24. Ng3 Ne7 25. Kc2 Ng6 26. Nh5 Ne8 27. Nf1
Ng7 28. Nxg7 Rxg7 29. Ne3 Re7 30. Kd2 Nf4 31. Re1 c6 32. g3 Ng6 33. Nf5 Rxe1 34.
Kxe1 1/2-1/2